1394 1127 1007 1177 1716 1422 1275 1695 1170 1411 1134 1265 1686 1281 1995 1331 1503 1532 1527 1176 1015 1060 1346 1040 1635 1260 1265 1654 1072 1333 1932 1455 1121 1945 1698 1893 1719 1003 1709 1581 1495 1113 1366 1712 1702 1505 1709 1068 1948 1480 1134 1357 1326 1919 1404 1380 1340 1660 1261 1144 1416 1597 1609 1957 1678 1200 1809 1667 1919 1170 1084 1223 1044 1130 1254 1268 1925 1797 1529 1089 1189 1020 1849 1133 1272 1090 1855 1781 1196 1204 1186 1122 1337 1644 1672 1074 1022 1860 1782 BCNSPRNW ULIB Ver.6.0+V

เปลี่ยนเป็นภาษาไทย

Change to English
 แสดงรายละเอียดบรรณานุกรม
  กลับหน้าหลัก

Brief Record : Get Marc (ISO 2709) : E-mail record : QR code < ปิดหน้าต่าง
LEADER : 00000nam 2200000uu 4500
001    13399109722
003     ULIB
008    110410s2545||||th 000 0 tha d
020    9742972257
060 04 WC1JT3^bท689ร 2545
110 2  กรมควบคุมโรคติดต่อ^bกองโรคเท้าช้าง
245 10 รายงานประจำปี 2545/^cกองโรคเท้าช้าง
260    กรุงเทพฯ :^bกองมาลาเรีย,^c2545
300    103 หน้า :^bภาพประกอบ, ภาพคนเหมือน, แผนที่ ;^c26 ซม.
310    รายปี
500    ข้อมูลส่วนใหญ่เป็นตาราง
610 27 กองโรคเท้าช้าง^vรายงานประจำปี
610 27 กองโรคเท้าช้าง^xการจัดส่วนราชการ
650  7 โรคเท้าช้าง^zไทย^xสถิติ
730 02 รายงานประจำปี (กองโรคเท้าช้าง) 2545
945    ^p0^l0^i016183
945    ^p0^l0^i016181
945    ^p0^l0^i016182
995    ทศพร
999 ^a ใช้งานได้ทุกระบบ
รายการนี้ยังไม่มีแท็ก
คุณยังไม่ได้ล็อกอิน คุณสามารถมีกิจกรรมร่วมกับเว็บไซต์ได้ แต่ต้องล็อกอินก่อน ::
  ล็อกอิน

รายการสื่อสารสนเทศ

ลำดับที่ ประเภท เลขเรียก/บาร์โค้ด สถานที่ สถานะ
- ไม่พบข้อมูล -

BibComment


ยังไม่เคยถูกคอมเมนท์

คอมเมนท์ทรัพยากรรายการนี้
  คอมเมนท์: รายงานประจำปี 254..


 Copyright 2026. Bcnsprnw @Library